SAPR i avtomatizacija proizvodstva

Gespeichert in:
Bibliographische Detailangaben
1. Verfasser: Groover, Mikell P.
Weitere Verfasser: Zimmers, Emory W.
Format: Buch
Sprache:Russisch
Veröffentlicht: Moskva Mir 1987
Ausgabe:1. izd.
Tags: Tag hinzufügen
Keine Tags, Fügen Sie das erste Tag hinzu!

MARC

LEADER 00000nam a2200000 4500
001 c027930
005 20240912072824.5
041 0 |a rus 
044 |a RU 
245 1 0 |a SAPR i avtomatizacija proizvodstva  |c Mikell P. Groover, Emory W. Zimmers ; [Z angl. prel.] O.O. Belousov 
250 |a 1. izd. 
264 1 |a Moskva  |b Mir  |c 1987 
300 |a 528 s. 
100 1 |a Groover, Mikell P. 
700 1 |a Zimmers, Emory W.